|
|
|
|
| LEADER |
01699nam a2200301 a 4500 |
| 001 |
10755 |
| 003 |
BD-DhAAL |
| 008 |
100216r20011959bg a 000 0 eng d |
| 999 |
|
|
|c 7577
|d 7577
|
| 020 |
|
|
|a 8121902908
|
| 040 |
|
|
|a BD-DhAAL
|
| 082 |
|
|
|a 621.31913
|2 21
|
| 100 |
1 |
|
|a Theraja, B.L.
|9 42035
|
| 245 |
0 |
0 |
|a A Textbook of Electrical Technology :
|b Electronic Devices and Circuits in S.I. System of Units /
|c B L Theraja; A K Theraja.
|
| 260 |
|
|
|a New Delhi :
|b S. Chand & Company Ltd,
|c 1959 [Reprinted 2001]
|
| 300 |
|
|
|a 734 pages :
|b color illustrations. ;
|c 25 cm.
|
| 362 |
0 |
|
|a Vol. 1
|
| 541 |
1 |
|
|e 10755
|
| 650 |
|
0 |
|a Electric Engineering
|9 42036
|
| 650 |
|
0 |
|a Technology & Engineering
|x Electrical.
|9 42037
|
| 700 |
1 |
|
|a Theraja, A.K.
|9 42038
|
| 852 |
4 |
|
|a Ayesha Abed Library
|c General Stacks
|
| 942 |
|
|
|2 ddc
|c BK
|
| 952 |
|
|
|0 0
|1 0
|2 ddc
|4 0
|6 621_319130000000000_THE
|7 0
|9 8230
|a BRACUL
|b BRACUL
|c GEN
|d 2010-02-17
|l 6
|m 24
|o 621.31913 THE
|p 3010010757
|r 2018-05-08
|s 2018-05-06
|t 3
|w 2010-02-17
|y BK
|
| 952 |
|
|
|0 0
|1 0
|2 ddc
|4 0
|6 621_319130000000000_THE_2001
|7 0
|9 8992
|a BRACUL
|b BRACUL
|c GEN
|d 2010-04-06
|l 2
|m 48
|o 621.31913 THE
|p 3010010756
|r 2019-04-29
|s 2018-12-19
|t 2
|w 2010-04-06
|y BK
|
| 952 |
|
|
|0 0
|1 0
|2 ddc
|4 0
|6 621_319130000000000_THE
|7 0
|9 9086
|a BRACUL
|b BRACUL
|c GEN
|d 2010-04-08
|l 6
|m 33
|o 621.31913 THE
|p 3010010755
|q 2026-04-07
|r 2025-10-12
|s 2025-10-12
|t 1
|w 2010-04-08
|y BK
|
| 952 |
|
|
|0 0
|1 0
|2 ddc
|4 0
|6 621_319130000000000_THE_2001
|7 0
|9 10516
|a BRACUL
|b BRACUL
|c GEN
|d 2010-05-25
|l 4
|m 30
|o 621.31913 THE
|p 3010010758
|r 2022-05-10
|s 2020-03-15
|t 4
|w 2010-05-25
|y BK
|
| 952 |
|
|
|0 0
|1 0
|2 ddc
|4 0
|6 621_319130000000000_THE_2001
|7 0
|9 10518
|a BRACUL
|b BRACUL
|c GEN
|d 2010-05-25
|l 2
|m 59
|o 621.31913 THE
|p 3010010760
|r 2018-04-10
|s 2017-08-20
|t 5
|w 2010-05-25
|y BK
|